Vademécum farmacológico de pequeños animales y exóticos (Registro nro. 11216)

Detalles MARC
000 -LIDER
fixed length control field 01152nam a2200373 b 4500
001 - NÚMERO DE CONTROL
Identificador de número de control 0000622
003 - IDENTIFICACDOR DE NÚMERO DE CONTROL
control field DO-SdBNP
005 - DATE AND TIME OF LATEST TRANSACTION
control field 20171110093530.0
007 - CAMPOS FIJOS DE DESCRIPCIÓN FÍSICA
fixed length control field 0000622
008 - ELEMENTOS DE LONGITUD FIJA
fixed length control field 050617 2011 sp spa
017 ## - NÚMERO DE REGISTRO DE DERECHOS DE AUTOR
Copyright or legal deposit number
Assigning agency
020 ## - ISBN
International Standard Book Number 0905214889
035 ## - NÚMERO LOCAL
System control number
040 ## - FUENTE DE CATALOGACIÓN
Agencia que crea de manera original el registro BPMSU
Idioma de catalogación spa
Agencia que realiza la transcripción BPMSU
Convenciones de la despripción
082 #4 - NÚMERO DE CLASIFICACIÓN DECIMAL DE DEWEY
Classification number 636.08951
Item number V123f, 2008
240 00 - TITULO UNIFORME
Título uniforme BSAVA small animal formulary /
245 00 - MENCIÓN DE TITULO
Título Vademécum farmacológico de pequeños animales y exóticos
Subtítulo manual de formulación /
Medio (Designación general de material)
Mención de responsabilidad edición Bryn Tennant ; traducción Ester Bach i Raich
250 ## - MENCIÓN DE EDICION
Mención de edición 5a. ed.
260 0# - PUBLICACIÓN, DISTRIBUCIÓN, ETC. (PIE DE IMPRENTA)
Lugar de publicación, distribución, etc Barcelona :
Nombre del editor, distribuidor, etc. Ediciones S,
Fecha de publicación, distribución, etc 2011.
300 ## - DESCRIPCIÓN FÍSICA
Extensión 426 p. :
Dimensiones 24 cm
490 1# - MENCIÓN DE SERIES
Mención de serie Bsava
500 ## - NOTA GENERAL
Nota general Incluye índice.
500 ## - NOTA GENERAL
Nota general Incluye índice según la función terapéutica.
650 #4 - ENCABEZAMIENTO DE MATERIA--TEMÁTICO
Término temático o nombre geográfico como elemento de entrada FARMACOLOGÍA VETERINARIA
650 #4 - ENCABEZAMIENTO DE MATERIA--TEMÁTICO
Término temático o nombre geográfico como elemento de entrada DROGAS VETERINARIAS
650 #4 - ENCABEZAMIENTO DE MATERIA--TEMÁTICO
Término temático o nombre geográfico como elemento de entrada PATOLOGÍA VETERINARIA
700 12 - ASIENTO SECUNDARIO -- NOMBRE PERSONAL
Nombre personal Tennant, Bryn
Mención de responsabilidad ed.
700 12 - ASIENTO SECUNDARIO -- NOMBRE PERSONAL
Nombre personal Bach i Raich, Ester
Mención de responsabilidad trad.
830 #0 - ASIENTO SECUNDARIO DE SERIE--TÍTULO UNIFORME
Título uniforme Bsava
910 ## - VALIDACIÓN
Validación Validado. Control de calidad MFF
942 ## - ADDED ENTRY ELEMENTS (KOHA)
Source of classification or shelving scheme Dewey Decimal Classification
Koha item type Libros
945 ## - INFORMACIÓN DE PROCESAMIENTO LOCAL
Información de procesamiento local Invetariado extranjero / 2017 VM
956 ## - LOCAL ELECTRONIC LOCATION AND ACCESS (OCLC)
Nombre de host YLOCKWARD
Número de acceso 10
Trayectoria BPMSU
Nombre Electrónico 00144
Existencias
Withdrawn status Lost status Source of classification or shelving scheme Damaged status Not for loan Collection code Home library Current library Date acquired Source of acquisition Total Checkouts Full call number Barcode Date last seen Price effective from Koha item type Copy number
    Dewey Decimal Classification     Colección General Biblioteca Pública Metropolitana Salomé Ureña Biblioteca Pública Metropolitana Salomé Ureña 08/30/2016   636.08951 V123f, 2008 BPMSU16080264 08/30/2016 08/30/2016 Libros  
    Dewey Decimal Classification     Colección General Biblioteca Pública Metropolitana Salomé Ureña Biblioteca Pública Metropolitana Salomé Ureña 08/30/2016   636.08951 V123f, 2008 BPMSU16080265 08/30/2016 08/30/2016 Libros e. 2